000
00307pam a2200133 a 4500
020
_c
041
_a
eng
082
_a
335.4112
_b
LEN
100
_a
Lenin Mark Engals.
245
_a
On Dialectical Materialism
_h
Textual Documents
260
_a
[s.l]:
_b
Progress Publishing
300
_a
422p.
930
_a
15666
999
_c
92566
_d
92566